000 00717nam a2200265Ia 4500
005 20260121170547.0
008 008 260114s9999 xx 000 0 eng d
020 _a9789811090448
037 _aEBOOK
040 _aCRL
040 _beng
040 _cCRL
041 _2eng
041 _aeng
084 _qCRL
100 _aMirza Hasanuzzaman, Masayuki Fujita, Hirosuke Oku, Kamrun Nahar, Barbara Hawrylak-Nowak
_91065381
245 0 _aPlant Nutrients and Abiotic Stress Tolerance
260 _bSpringer
260 _bSpringer
260 _c2018
856 _uhttps://link.springer.com/openurl?genre=book&isbn=978-981-10-9044-8
942 _cEBOOK
999 _c1631111
_d1631111